00473nam a2200157Ia 450000500170000000800410001708200130005810000160007124500310008726000440011830000180016265000180018094200060019895200960020499900150030020250210060243.0240331s9999 xx 000 0 und d bDEZa954 aDe Zoysa, L 0aStories from the mahavamsa aColombobMarga Publications (Pvt)c1988 avii, 107 p ., aShort Stories cL 001040708LaWERCLbWERCLcSSCd2024-03-31l0o 954.9 DEZp357r2024-03-31w2024-03-31yL c3528d3528